<?xml version="1.0" encoding="UTF-8"?><?xml-stylesheet type="text/xsl" href="static/style.xsl"?><OAI-PMH xmlns="http://www.openarchives.org/OAI/2.0/" xmlns:xsi="http://www.w3.org/2001/XMLSchema-instance" xsi:schemaLocation="http://www.openarchives.org/OAI/2.0/ http://www.openarchives.org/OAI/2.0/OAI-PMH.xsd"><responseDate>2026-04-17T11:53:07Z</responseDate><request verb="GetRecord" identifier="oai:www.recercat.cat:10459.1/69117" metadataPrefix="marc">https://recercat.cat/oai/request</request><GetRecord><record><header><identifier>oai:recercat.cat:10459.1/69117</identifier><datestamp>2024-12-05T21:48:00Z</datestamp><setSpec>com_2072_3622</setSpec><setSpec>col_2072_479130</setSpec></header><metadata><record xmlns="http://www.loc.gov/MARC21/slim" xmlns:dcterms="http://purl.org/dc/terms/" xmlns:xsi="http://www.w3.org/2001/XMLSchema-instance" xmlns:doc="http://www.lyncode.com/xoai" xsi:schemaLocation="http://www.loc.gov/MARC21/slim http://www.loc.gov/standards/marcxml/schema/MARC21slim.xsd">
   <leader>00925njm 22002777a 4500</leader>
   <datafield ind2=" " ind1=" " tag="042">
      <subfield code="a">dc</subfield>
   </datafield>
   <datafield ind2=" " ind1=" " tag="720">
      <subfield code="a">Yuguero Torres, Oriol</subfield>
      <subfield code="e">author</subfield>
   </datafield>
   <datafield ind2=" " ind1=" " tag="720">
      <subfield code="a">Marsal Mora, Josep Ramon</subfield>
      <subfield code="e">author</subfield>
   </datafield>
   <datafield ind2=" " ind1=" " tag="720">
      <subfield code="a">Esquerda i Aresté, Montse</subfield>
      <subfield code="e">author</subfield>
   </datafield>
   <datafield ind2=" " ind1=" " tag="720">
      <subfield code="a">Galván, Leonardo</subfield>
      <subfield code="e">author</subfield>
   </datafield>
   <datafield ind2=" " ind1=" " tag="720">
      <subfield code="a">Soler González, Jorge</subfield>
      <subfield code="e">author</subfield>
   </datafield>
   <datafield ind2=" " ind1=" " tag="260">
      <subfield code="c">2020-06-23T10:22:51Z</subfield>
   </datafield>
   <datafield ind2=" " ind1=" " tag="260">
      <subfield code="c">2020-06-23T10:22:51Z</subfield>
   </datafield>
   <datafield ind2=" " ind1=" " tag="260">
      <subfield code="c">2020</subfield>
   </datafield>
   <datafield ind2=" " ind1=" " tag="520">
      <subfield code="a">Objective: The aim of this study was to assess whether burnout and empathy levels among general practitioners (GPs) might influence prescribing performance assessed using pharmaceutical prescription quality standard indicators. &#xd;
Design and Setting: Cross-sectional descriptive study of 108 GPs from 22 primary care centers in Lleida, Spain, and of centralized data corresponding to 183 600 patients under their care. The study was conducted between May and July 2014. &#xd;
Main Outcome Measures: Burnout and empathy were measured using the Spanish versions of the Maslach Burnout Inventory and the Jefferson Scale for Physician Empathy, and prescribing quality was measured using the Catalan Pharmaceutical Prescription Quality Standard (EQPF). Normal distribution of scores was verified using the Chi-square and Kolmogorov–Smirnov–Lilliefors tests. The effect of each of the variables was evaluated using crude odds ratios. &#xd;
Results: Older GPs scored significantly higher in the EQPF (P &lt; 0.05). High empathy scores were positively associated with high EQPF scores. GPs with low burnout also performed better in the EQPF. &#xd;
Conclusions: More empathic, less burned-out, older GPs showed better prescribing performance according to quality indicators. However, further studies are needed to evaluate other factors influencing prescribing habits. The promotion of communication skills may increase empathy and reduce burnout, thus benefiting patients.</subfield>
   </datafield>
   <datafield ind1="8" ind2=" " tag="024">
      <subfield code="a">http://hdl.handle.net/10459.1/69117</subfield>
   </datafield>
   <datafield tag="653" ind2=" " ind1=" ">
      <subfield code="a">Burnout</subfield>
   </datafield>
   <datafield tag="653" ind2=" " ind1=" ">
      <subfield code="a">Empathy</subfield>
   </datafield>
   <datafield tag="653" ind2=" " ind1=" ">
      <subfield code="a">Ethics</subfield>
   </datafield>
   <datafield tag="653" ind2=" " ind1=" ">
      <subfield code="a">Pharmacy</subfield>
   </datafield>
   <datafield tag="653" ind2=" " ind1=" ">
      <subfield code="a">Prescription</subfield>
   </datafield>
   <datafield tag="653" ind2=" " ind1=" ">
      <subfield code="a">Primary health care</subfield>
   </datafield>
   <datafield ind2="0" ind1="0" tag="245">
      <subfield code="a">Cross-sectional study of the association between empathy and burnout and drug prescribing quality in primary care</subfield>
   </datafield>
</record></metadata></record></GetRecord></OAI-PMH>